[Event "Lohmar op"]
[Site "Lohmar"]
[Date "2000.02.11"]
[Round "3"]
[White "Weber, Olaf"]
[Black "Herchenbach, Wilhelm"]
[Result "1/2-1/2"]
[WhiteElo "1823"]
[BlackElo "1304"]
[PlyCount "104"]
[EventDate "2000.01.28"]
[EventType "swiss"]
[EventRounds "9"]
[EventCountry "GER"]
[SourceTitle "EXT 2006"]
[Source "ChessBase"]
[SourceDate "2005.11.24"]
[SourceVersion "1"]
[SourceVersionDate "2005.11.24"]
[SourceQuality "1"]

1. e4 e5 2. Nf3 Nc6 3. c3 b6 4. d4 d6 5. Bb5 Bd7 6. 0-0 Nf6 7. Re1 Be7 8. d5 Na5 9. Bd3 c6 10. b4 Nb7 11. c4 0-0 12. Bb2 cxd5 13. cxd5 a5 14. a3 Ne8 15. Nc3 Nc7 16. Rc1 f5 17. exf5 Bxf5 18. Bxf5 Rxf5 19. Ne4 Rc8 20. Qd3 Rf8 21. Rc6 Na8 22. Rec1 Qd7 23. Qc2 Rb8 24. Qb3 Nd8 25. R6c2 Nf7 26. Qd3 Rfc8 27. h3 Rxc2 28. Qxc2 h6 29. Qc3 Qb5 30. Qc4 Qd7 31. Rc3 Bd8 32. Bc1 axb4 33. axb4 b5 34. Qc6 Qxc6 35. Rxc6 Bc7 36. Be3 Rb7 37. Nh4 Kh7 38. Nf5 Nb6 39. Bxb6 Bxb6 40. Nfxd6 Nxd6 41. Nxd6 Rb8 42. Nc8 Bd8 43. d6 Kg8 44. d7 Rb7 45. Nd6 Rxd7 46. Nxb5 Rd1+ 47. Kh2 Be7 48. Nc3 Rd2 49. b5 Rxf2 50. b6 Rb2 51. Nd5 Bg5 52. Rc7 Bf4+ 1/2-1/2

[Event "Lohmar op"]
[Site "Lohmar"]
[Date "2000.01.28"]
[Round "1"]
[White "Herchenbach, Wilhelm"]
[Black "Trube, Dieter"]
[Result "0-1"]
[WhiteElo "1304"]
[BlackElo "1783"]
[PlyCount "52"]
[EventDate "2000.01.28"]
[EventType "swiss"]
[EventRounds "9"]
[EventCountry "GER"]
[SourceTitle "EXT 2006"]
[Source "ChessBase"]
[SourceDate "2005.11.24"]
[SourceVersion "1"]
[SourceVersionDate "2005.11.24"]
[SourceQuality "1"]

1. e4 e5 2. Nc3 Nf6 3. d3 Be7 4. Nf3 d6 5. d4 Nbd7 6. Be2 0-0 7. d5 Nc5 8. Nd2 Ne8 9. b4 Nd7 10. 0-0 f5 11. exf5 Rxf5 12. Nde4 Rf8 13. Be3 Nef6 14. Qd2 Nb6 15. Bxb6 axb6 16. a3 Bf5 17. Nxf6+ Bxf6 18. Nd1 Qe8 19. Ra2 Qg6 20. f4 Bh3 21. Ne3 exf4 22. Rxf4 Be5 23. Rh4 Bf5 24. Nxf5 Qxf5 25. Bd3 Qf6 26. Rxh7 Bd4+ 0-1